00442nam a2200181uu 4500001000800000005001700008008004100025020001500066035001200081040001300093041000800106082000800114100003200122245002600154260004100180300001800221490002100239150431020260508093150.0180904nuuuuuuuu eng  a0590434616 a1504310 ccomduadb aeng 4a81310aWright, Betty Ren4auteaut14aThe Dollhouse Murders aNew York :bScholastic Inc,c©1983. a149 páginas0 aApple paperbacks